[Event "I Open"]
[Site "Senigallia ITA"]
[Date "1996.05.22"]
[Round "5"]
[White "Skembris, Spyridon"]
[Black "Ortega, Lexy"]
[Result "1/2-1/2"]
[WhiteElo "2505"]
[BlackElo "2490"]
[PlyCount "138"]
[EventDate "1996.05.19"]

1.c4 e6 2.Nc3 d5 3.d4 c6 4.cxd5 exd5 5.Nf3 Bf5 6.Bf4 Bd6 7.Qd2 Ne7 8.Bg3 
Bxg3 9.hxg3 Nd7 10.e3 Qb6 11.Nh4 Be6 12.Bd3 O-O-O 13.Na4 Qc7 14.b4 Kb8 15.
O-O-O Nf6 16.Nc5 Bc8 17.Qc2 Ne8 18.Kb2 a5 19.bxa5 Qxa5 20.Rb1 Nd6 21.Ka1 
Kc7 22.Rhc1 Bg4 23.Nf3 Ra8 24.Nd2 b6 25.Ncb3 Qa4 26.Rb2 Be6 27.Nb1 Nc4 28.
Nc3 Qb4 29.Bxc4 Qxc4 30.Qd2 Qa6 31.e4 Kd7 32.f3 h6 33.g4 Qa3 34.Qd1 Rhd8 
35.e5 Rh8 36.f4 g6 37.Qf3 h5 38.gxh5 gxh5 39.Nd1 Bg4 40.Qc3 Bxd1 41.Rxd1 
Nf5 42.Rc1 Qa4 43.Qc2 Ng3 44.Re1 Qc4 45.Qb1 Ne4 46.Rc1 Qa4 47.Nd2 f5 48.
Nxe4 fxe4 49.Rb4 Qa5 50.Rxb6 Rhb8 51.Rb7+ Rxb7 52.Qxb7+ Kd8 53.Rc2 Qa4 54.
Qb6+ Ke8 55.Qb1 Qb5 56.Qxb5 cxb5 57.f5 Ra4 58.Rd2 Rc4 59.Kb2 h4 60.f6 Kf7 
61.a3 Ke6 62.Rf2 e3 63.Re2 Rxd4 64.Rxe3 Rd2+ 65.Kc1 Rxg2 66.Rf3 Rg8 67.Rf4
h3 68.Rh4 Kxe5 69.Rxh3 Kxf6 1/2-1/2

[Event "I Open"]
[Site "Senigallia ITA"]
[Date "1996.05.22"]
[Round "5"]
[White "Trovato, Alessio"]
[Black "Magalotti, Andrea"]
[Result "0-1"]
[WhiteElo "1633"]
[BlackElo "2085"]
[PlyCount "65"]
[EventDate "1996.05.19"]

1.e4 c5 2.Nf3 Nc6 3.d4 cxd4 4.Nxd4 Nf6 5.Nc3 e5 6.Ndb5 d6 7.Bg5 a6 8.Bxf6 
gxf6 9.Na3 b5 10.Nd5 Bg7 11.c3 f5 12.Bd3 Be6 13.Bc2 O-O 14.exf5 Bxd5 15.
Qxd5 Ne7 16.Qf3 Bf6 17.g4 Bg5 18.h4 Bf4 19.f6 Ng6 20.h5 Qxf6 21.Qe4 d5 22.
Qxd5 Rfd8 23.Qe4 Nf8 24.Rh3 Rab8 25.Rd1 Qe6 26.Rxd8 Rxd8 27.Qf5 Qxa2 28.
Qf6 Ne6 29.Bxh7+ Kxh7 30.Qxf7+ Kh8 31.Qf6+ Kh7 32.h6 Qa1+ 33.Ke2 0-1

[Event "I Open"]
[Site "Senigallia ITA"]
[Date "1996.05.22"]
[Round "5"]
[White "Vujovic, Milorad"]
[Black "Mrdja, Milan"]
[Result "1/2-1/2"]
[WhiteElo "2345"]
[BlackElo "2450"]
[PlyCount "214"]
[EventDate "1996.05.19"]

1.c4 Nf6 2.b3 g6 3.Bb2 Bg7 4.g3 O-O 5.Bg2 d6 6.Nf3 e5 7.O-O Re8 8.Nc3 Nc6 
9.d3 h6 10.a3 Nd4 11.Nd2 c6 12.b4 d5 13.e3 Ne6 14.Ne2 Nc7 15.Rc1 Qe7 16.
Qc2 Bg4 17.Nb3 Rad8 18.Nc3 dxc4 19.dxc4 Bf5 20.e4 Be6 21.Nd1 Bc8 22.Bc3 
Nd7 23.Ne3 Ne6 24.Rfd1 Ndf8 25.c5 Nc7 26.Nc4 Nb5 27.a4 Rxd1+ 28.Rxd1 Nxc3 
29.Qxc3 Ne6 30.Nd6 Rd8 31.Rd2 Nd4 32.Qd3 Nxb3 33.Qxb3 Be6 34.Qc3 Qc7 35.a5
b6 36.cxb6 axb6 37.Nb5 Qb8 38.Rxd8+ Qxd8 39.Na7 bxa5 40.bxa5 Qd1+ 41.Bf1 
Bh3 42.Qd3 Qa1 43.a6 c5 44.Nc8 Bf8 45.Nb6 c4 46.Qxc4 Bc5 47.Nd5 Kg7 48.Ne3
Bxe3 49.fxe3 Bxf1 50.Qxf1 Qa3 51.Qe2 h5 52.h4 Qa1+ 53.Kg2 Qa4 54.Kh2 Kg8 
55.Qd3 Kg7 56.Kg1 Qa1+ 57.Kg2 Qa2+ 58.Kf3 Qa4 59.Qd6 Qa1 60.Ke2 Qa2+ 61.
Kf3 Qa1 62.Qd3 Qa4 63.g4 hxg4+ 64.Kxg4 Qa1 65.Kf3 Qa4 66.Qe2 Qa1 67.Kf2 
Qa4 68.h5 gxh5 69.Kg3 Qa1 70.Kf2 f6 71.Qb5 Qa2+ 72.Kg1 Qd2 73.Kf1 Qd1+ 74.
Kf2 Qd2+ 75.Qe2 Qa5 76.Qf1 Qa4 77.Kf3 Kg6 78.Qd3 Qc6 79.Qa3 Qd7 80.Qa1 Kf7
81.Qb1 Kg6 82.Kf2 Qa4 83.Qd3 Kg7 84.Kg3 Qa1 85.Qe2 Qa4 86.Kf3 Kh6 87.Qf1 
Kg7 88.Qe2 Kg6 89.Kg3 Kh6 90.Qf1 Kg7 91.Kh3 Kh7 92.Qe2 Kg6 93.Kg3 Kg7 94.
Kf3 Kg6 95.Qd3 Qa1 96.Qe2 Qa4 97.Qf1 Kh6 98.Qd3 Qa1 99.Qc4 Qd1+ 100.Kf2 
Qd2+ 101.Qe2 Qa5 102.Kg3 Qa4 103.Qd3 Qa1 104.Qc4 Qg1+ 105.Kf3 Qd1+ 106.Qe2
Qa4 107.Kg3 Qa1 1/2-1/2

[Event "I Open"]
[Site "Senigallia ITA"]
[Date "1996.05.22"]
[Round "5"]
[White "Zappi, Adriano"]
[Black "Letter, Giovanni"]
[Result "0-1"]
[WhiteElo "1570"]
[BlackElo "1600"]
[PlyCount "128"]
[EventDate "1996.05.19"]

1.Nf3 Nf6 2.g3 d5 3.Bg2 Nc6 4.O-O e5 5.d3 Bg4 6.Nbd2 Be7 7.h3 Bd7 8.e4 d4 
9.Nc4 Bd6 10.Bg5 Qc8 11.Bxf6 gxf6 12.Kh2 Be6 13.b3 Bb4 14.a3 Bc3 15.Rb1 a5
16.Ng1 b5 17.Nd2 Qd7 18.Ndf3 a4 19.b4 Ba2 20.Ne2 Bxb1 21.Qxb1 Ne7 22.Nxc3 
dxc3 23.Qe1 Qc6 24.Nh4 Ng6 25.Nf5 O-O-O 26.h4 Kb8 27.Bh3 Rhe8 28.Ne3 Nf8 
29.Bf5 Rd6 30.Qe2 Ng6 31.Qh5 Rh8 32.Qh6 Qe8 33.Nd5 Ne7 34.Ne3 Nxf5 35.Nxf5
Rc6 36.Ne3 f5 37.Qh5 fxe4 38.dxe4 Qe6 39.Ra1 Kb7 40.Qe2 Ka6 41.Kg2 h5 42.
Nd5 f5 43.f3 Rg8 44.Kh2 fxe4 45.Qxe4 Rg7 46.Rd1 Rc4 47.Nf4 Rxe4 48.Nxe6 
Re2+ 49.Kh3 Re7 50.Nc5+ Ka7 51.Rc1 Rf7 52.Rf1 Rxc2 53.Ne4 Kb6 54.g4 hxg4+ 
55.Kxg4 Rg2+ 56.Kh3 Ra2 57.Nxc3 Rxa3 58.Nd5+ Kc6 59.Rd1 Rfxf3+ 60.Kg4 Rfd3
61.Ne7+ Kd7 62.Rxd3+ Rxd3 63.Nf5 a3 64.h5 a2 0-1

[Event "I Open"]
[Site "Senigallia ITA"]
[Date "1996.05.23"]
[Round "6"]
[White "Amaranto, Luca"]
[Black "Pantaleoni, Leone"]
[Result "1-0"]
[WhiteElo "1813"]
[BlackElo "1714"]
[PlyCount "49"]
[EventDate "1996.05.19"]

1.e4 c5 2.Nf3 d6 3.d4 cxd4 4.Nxd4 Nf6 5.Nc3 e6 6.Be2 a6 7.Be3 Be7 8.O-O 
O-O 9.Kh1 Qc7 10.f4 Nbd7 11.Bf3 Rb8 12.Qe1 b5 13.e5 dxe5 14.Nc6 Nb6 15.
fxe5 Nfd5 16.Nxd5 Nxd5 17.Nxb8 Nxe3 18.Qxe3 Qxb8 19.Rad1 Qc7 20.Be4 Kh8 
21.Qh3 h6 22.Qh5 Bg5 23.h4 Be3 24.Rf3 Bb6 25.Rdf1 1-0

[Event "I Open"]
[Site "Senigallia ITA"]
[Date "1996.05.23"]
[Round "6"]
[White "Antoniacci, Riccardo"]
[Black "Pierbattisti, Giorgio"]
[Result "0-1"]
[WhiteElo "1525"]
[BlackElo "1654"]
[PlyCount "84"]
[EventDate "1996.05.19"]

1.e4 c5 2.Nc3 Nc6 3.g3 Nf6 4.Bg2 g6 5.f4 d6 6.Nf3 Bg7 7.O-O O-O 8.d3 Rb8 
9.a4 b6 10.h3 Ba6 11.Nb5 Qd7 12.c4 Ne8 13.Qe1 Nb4 14.Qe2 Bc8 15.Ra3 a6 16.
Nc3 Nc7 17.Be3 Bb7 18.d4 Ne6 19.d5 Nd4 20.Qd2 Ndc2 21.Rb3 Nxe3 22.Qxe3 Qc7
23.f5 Nc2 24.Qf4 Nd4 25.Ra3 Bc8 26.g4 b5 27.axb5 axb5 28.cxb5 Nxb5 29.Nxb5
Rxb5 30.b3 Qb6 31.Kh2 Rxb3 32.Rxb3 Qxb3 33.h4 Ba6 34.Rh1 Be2 35.Qg3 Ra8 
36.Re1 Ra2 37.Kh3 Qb2 38.h5 Bxf3 39.Qxf3 g5 40.Re3 Qc1 41.Rb3 Be5 42.h6 
Qh1+ 0-1

[Event "I Open"]
[Site "Senigallia ITA"]
[Date "1996.05.23"]
[Round "6"]
[White "Barbieri, Giovanni"]
[Black "Rago, Riccardo"]
[Result "0-1"]
[WhiteElo "2155"]
[BlackElo "2230"]
[PlyCount "95"]
[EventDate "1996.05.19"]

1.e4 c5 2.Nf3 Nc6 3.Bb5 g6 4.O-O Bg7 5.c3 a6 6.Bxc6 bxc6 7.d3 Nf6 8.h3 O-O
9.Nbd2 d6 10.Re1 Nd7 11.Nf1 Rb8 12.Ne3 e5 13.g4 Re8 14.Qe2 Nf8 15.Ng2 d5 
16.Rd1 Bd7 17.Kh2 Qc7 18.b3 Ne6 19.Be3 h6 20.Kh1 Kh7 21.Rg1 Qd6 22.Rad1 
Qe7 23.Qd2 d4 24.Rdf1 dxe3 25.fxe3 Ng5 26.Ngh4 Nxh3 27.Rg3 Ng5 28.Kg2 Rh8 
29.Qf2 f6 30.Rh1 Qe8 31.Kg1 Kg8 32.Nxg5 fxg5 33.Nf3 Qe7 34.Kg2 Rf8 35.Qe2 
Bc8 36.Nd2 Be6 37.Nf3 Qd7 38.Ne1 Rf7 39.d4 exd4 40.cxd4 cxd4 41.exd4 Qxd4 
42.Nd3 Kh7 43.Rd1 Rhf8 44.Nf4 Qa7 45.Nh3 Be5 46.Rgd3 Qc5 47.R1d2 Bc7 48.
Rd1 0-1

[Event "I Open"]
[Site "Senigallia ITA"]
[Date "1996.05.23"]
[Round "6"]
[White "Brumat, Giorgio"]
[Black "Borgo, Giulio"]
[Result "0-1"]
[WhiteElo "1828"]
[BlackElo "2400"]
[PlyCount "46"]
[EventDate "1996.05.19"]

1.e4 c5 2.d4 cxd4 3.c3 Nf6 4.e5 Nd5 5.Nf3 Nc6 6.Bc4 Nb6 7.Bb3 g6 8.cxd4 
Bg7 9.O-O O-O 10.Bf4 d6 11.exd6 exd6 12.Qd2 Bg4 13.d5 Bxf3 14.dxc6 Bxc6 
15.Nc3 d5 16.Rfd1 Nc4 17.Bxc4 dxc4 18.Qe2 Qf6 19.Qxc4 Qh4 20.f3 a5 21.g3 
Qh5 22.g4 Qh3 23.Bg3 Bxf3 0-1

[Event "I Open"]
[Site "Senigallia ITA"]
[Date "1996.05.23"]
[Round "6"]
[White "Drasko, Milan"]
[Black "Cetkovic, Sergio"]
[Result "1-0"]
[WhiteElo "2505"]
[BlackElo "1815"]
[PlyCount "83"]
[EventDate "1996.05.19"]

1.d4 d5 2.c4 c6 3.Nf3 Nf6 4.Qc2 e6 5.g3 g6 6.Bg2 Bg7 7.O-O O-O 8.Nbd2 Nbd7
9.Rd1 b6 10.e4 dxe4 11.Nxe4 Nxe4 12.Qxe4 Bb7 13.Bg5 Qc7 14.Bf4 Qc8 15.Ne5 
Nxe5 16.Bxe5 Rd8 17.Bxg7 Kxg7 18.h4 h5 19.Rd3 Qc7 20.Rad1 Rd7 21.c5 Rad8 
22.b4 Kg8 23.g4 Rd5 24.Qe3 Ba6 25.Ra3 Bc4 26.Bxd5 Rxd5 27.Qg3 Qe7 28.g5 
bxc5 29.bxc5 a6 30.Rc3 Be2 31.Rd2 Bb5 32.Rb3 a5 33.a4 Bxa4 34.Ra3 Bb5 35.
Rxa5 e5 36.Ra8+ Kh7 37.Kh2 exd4 38.Qb8 Rd8 39.Qxd8 Qe5+ 40.Kg2 Qe4+ 41.f3 
Bf1+ 42.Kg1 1-0

[Event "I Open"]
[Site "Senigallia ITA"]
[Date "1996.05.23"]
[Round "6"]
[White "Fucito, Giovanni"]
[Black "Rotondi, Paolo"]
[Result "1/2-1/2"]
[WhiteElo "1512"]
[BlackElo "1591"]
[PlyCount "48"]
[EventDate "1996.05.19"]

1.e4 c6 2.d4 d5 3.exd5 cxd5 4.Bd3 Nc6 5.c3 Nf6 6.Nf3 Bg4 7.h3 Bh5 8.O-O e6
9.Re1 Bd6 10.Bg5 Qc7 11.Nbd2 O-O-O 12.Qa4 h6 13.Be3 g5 14.g4 Bg6 15.Bxg6 
fxg6 16.Ne5 Nxe5 17.dxe5 Bxe5 18.Qxa7 Qc6 19.Nf3 Bb8 20.Qd4 Rhf8 21.Ne5 
Bxe5 22.Qxe5 Ne4 23.f3 Rxf3 24.Ba7 Qd6 1/2-1/2

[Event "I Open"]
[Site "Senigallia ITA"]
[Date "1996.05.23"]
[Round "6"]
[White "Guglielmi, Giuseppe"]
[Black "Zappi, Adriano"]
[Result "0-1"]
[WhiteElo "1701"]
[BlackElo "1570"]
[PlyCount "134"]
[EventDate "1996.05.19"]

1.d4 d5 2.Nf3 e6 3.c4 Nf6 4.Nc3 dxc4 5.e3 c5 6.Bxc4 Nc6 7.O-O cxd4 8.exd4 
Be7 9.b3 O-O 10.Bb2 a6 11.Rc1 b5 12.Bd3 Bb7 13.Qe2 Nb4 14.Bb1 Rc8 15.a4 
bxa4 16.Nxa4 Bc6 17.Nc5 Bb5 18.Nd3 Nfd5 19.Qe4 Nxd3 20.Bxd3 Bxd3 21.Qxd3 
Qb6 22.Ne5 Qb7 23.Qf3 Bb4 24.Nd3 a5 25.Rc4 Be7 26.Nc5 Qb5 27.Rfc1 Rfd8 28.
Qg4 Bf6 29.h4 g6 30.h5 Bg7 31.hxg6 hxg6 32.R1c2 Nb6 33.Nxe6 Qd7 34.Qg5 
Qxe6 35.Rxc8 Rxc8 36.Rxc8+ Qxc8 37.Qxa5 Bxd4 38.Bxd4 Qc1+ 39.Kh2 Qf4+ 40.
g3 Qxd4 41.Qe1 Kg7 42.b4 Nd7 43.Kh3 Qe5 44.Qxe5+ Nxe5 45.b5 Nc4 46.Kg4 Kf6
47.f4 Nb6 48.Kf3 Kf5 49.g4+ Ke6 50.Ke4 f6 51.Kd4 Kd6 52.Ke4 Nc8 53.Kd4 Nb6
54.Ke4 Nc8 55.Kd4 Ne7 56.b6 Kc6 57.g5 Nf5+ 58.Ke4 fxg5 59.fxg5 Kxb6 60.Ke5
Kc6 61.Kf6 Nh4 62.Ke6 Kc5 63.Ke5 Kc4 64.Ke4 Nf5 65.Kf3 Kd4 66.Kf4 Nd6 67.
Kf3 Ke5 0-1

[Event "I Open"]
[Site "Senigallia ITA"]
[Date "1996.05.23"]
[Round "6"]
[White "Komarov, Dimitri"]
[Black "Efimov, Igor"]
[Result "1/2-1/2"]
[WhiteElo "2530"]
[BlackElo "2455"]
[PlyCount "35"]
[EventDate "1996.05.19"]

1.d4 e6 2.c4 Nf6 3.Nf3 a6 4.Nc3 c5 5.d5 b5 6.Bg5 b4 7.Ne4 Be7 8.d6 Nxe4 9.
Bxe7 Qb6 10.e3 Nc6 11.Bd3 Nf6 12.Bxf6 gxf6 13.Nd2 Bb7 14.Ne4 O-O-O 15.Nxf6
Ne5 16.Bf1 h5 17.Nxh5 Rdg8 18.Nf4 1/2-1/2

[Event "I Open"]
[Site "Senigallia ITA"]
[Date "1996.05.23"]
[Round "6"]
[White "Letter, Giovanni"]
[Black "Nagni, Marco"]
[Result "1-0"]
[WhiteElo "1600"]
[BlackElo "1606"]
[PlyCount "59"]
[EventDate "1996.05.19"]

1.b3 e5 2.Bb2 Nc6 3.e3 Nf6 4.Bb5 d6 5.Bxc6+ bxc6 6.d3 Bg4 7.Nf3 Be7 8.Nbd2
O-O 9.h3 Bd7 10.Qe2 a5 11.a4 Re8 12.g4 Be6 13.O-O-O Rb8 14.Rhg1 Rb7 15.Ng5
Bd7 16.e4 Qb8 17.h4 c5 18.Nc4 Qa7 19.Nh3 Reb8 20.f4 d5 21.exd5 Nxd5 22.
Qxe5 Bf6 23.Qxd5 Be6 24.Qe4 Bxb2+ 25.Kxb2 Rb4 26.Ng5 Bxc4 27.Qxh7+ Kf8 28.
dxc4 Rxc4 29.Rge1 Rxb3+ 30.cxb3 1-0

[Event "I Open"]
[Site "Senigallia ITA"]
[Date "1996.05.23"]
[Round "6"]
[White "Luciani, Valerio"]
[Black "Giacometti, Franco"]
[Result "0-1"]
[WhiteElo "2155"]
[BlackElo "1953"]
[PlyCount "38"]
[EventDate "1996.05.19"]

1.d4 Nf6 2.c4 g6 3.Nc3 d5 4.Nf3 Bg7 5.Qb3 dxc4 6.Qxc4 O-O 7.e4 a6 8.Be2 b5
9.Qb3 c5 10.dxc5 Nc6 11.O-O b4 12.Nd5 Nxe4 13.Be3 Be6 14.Rfd1 Na5 15.Qd3 
Bxd5 16.Qxd5 Qxd5 17.Rxd5 Bxb2 18.Re1 Rfc8 19.Rd7 Bf6 0-1

[Event "I Open"]
[Site "Senigallia ITA"]
[Date "1996.05.23"]
[Round "6"]
[White "Magalotti, Andrea"]
[Black "Travaglini, Alberto"]
[Result "1-0"]
[WhiteElo "2085"]
[BlackElo "2123"]
[PlyCount "77"]
[EventDate "1996.05.19"]

1.e4 c5 2.Nf3 d6 3.d4 cxd4 4.Nxd4 Nf6 5.Nc3 a6 6.Be3 e5 7.Nb3 Be6 8.Be2 
Be7 9.O-O O-O 10.a4 Qc7 11.a5 Nc6 12.Nd5 Bxd5 13.exd5 Nb8 14.Ra4 Nbd7 15.
Rc4 Qd8 16.Qd2 Rc8 17.Qb4 Rxc4 18.Bxc4 Qc7 19.Nd2 Rb8 20.Ra1 Nc5 21.Ra3 h6
22.f3 Nfd7 23.Ba2 b5 24.axb6 Nxb6 25.Qa5 Rc8 26.b4 Ncd7 27.c4 Qd8 28.Rc3 
Bg5 29.Bxg5 hxg5 30.Ne4 Nf6 31.Nxf6+ gxf6 32.c5 Nd7 33.cxd6 Kf8 34.Rc7 Rb8
35.Qa4 Nb6 36.Qc6 Nc8 37.d7 Ne7 38.Qc5 Ra8 39.d6 1-0

[Event "I Open"]
[Site "Senigallia ITA"]
[Date "1996.05.23"]
[Round "6"]
[White "Mircoli, Filippo"]
[Black "Perini, Gianna"]
[Result "1-0"]
[WhiteElo "1600"]
[BlackElo "1537"]
[PlyCount "57"]
[EventDate "1996.05.19"]

1.e4 c5 2.Nf3 d6 3.d4 cxd4 4.Nxd4 Nf6 5.Nc3 g6 6.Be3 Bg7 7.Be2 O-O 8.Qd2 
Nc6 9.O-O Bd7 10.Rad1 a6 11.a3 Rc8 12.h3 Ne5 13.b3 Qc7 14.Nd5 Nxd5 15.exd5
Qc3 16.f4 Bh6 17.Kf2 Bb5 18.fxe5 Bxe3+ 19.Qxe3 Bxe2 20.Qxc3 Rxc3 21.Kxe2 
Rfc8 22.e6 f6 23.Rd3 R3c5 24.c4 R8c7 25.g4 b5 26.cxb5 Rxd5 27.bxa6 Ra5 28.
a7 Raxa7 29.Nb5 1-0

[Event "I Open"]
[Site "Senigallia ITA"]
[Date "1996.05.23"]
[Round "6"]
[White "Nurkic, Sahbaz"]
[Black "Djuric, Stefan"]
[Result "1/2-1/2"]
[WhiteElo "2365"]
[BlackElo "2515"]
[PlyCount "117"]
[EventDate "1996.05.19"]

1.e4 e6 2.d4 d5 3.Nd2 Be7 4.Ngf3 dxe4 5.Nxe4 Nf6 6.Bd3 Nbd7 7.O-O O-O 8.
Nxf6+ Nxf6 9.Ne5 c5 10.dxc5 Qc7 11.Re1 Bxc5 12.Qf3 Bd6 13.Bf4 Nd5 14.Bg3 
b5 15.a4 b4 16.a5 Rb8 17.a6 Rb6 18.Re4 f5 19.Rc4 Qd8 20.Nc6 Qd7 21.Ne5 
Bxe5 22.Bxe5 Bxa6 23.Rc5 Bxd3 24.Qxd3 h6 25.Rc7 Qxc7 26.Bxc7 Nxc7 27.Rxa7 
Nd5 28.h3 Rf7 29.Ra8+ Kh7 30.Qd4 Rc6 31.Qe5 Rd7 32.Qb8 Nf6 33.Qxb4 Rxc2 
34.Qb8 h5 35.Qh8+ Kg6 36.Ra3 f4 37.Qb8 Rd1+ 38.Kh2 Rxf2 39.Rg3+ Kf5 40.Rf3
Rxf3 41.gxf3 Rd2+ 42.Kg1 g5 43.b4 g4 44.hxg4+ hxg4 45.fxg4+ Nxg4 46.b5 f3 
47.Qf8+ Ke4 48.Qb4+ Rd4 49.Qb1+ Ke3 50.b6 Rd2 51.Qe1+ Re2 52.Qg3 Nf2 53.
Qg5+ Ke4 54.Qg6+ Ke3 55.Qh6+ Kd3 56.b7 Ne4 57.b8=Q Rg2+ 58.Kf1 Rf2+ 59.Kg1
1/2-1/2

[Event "I Open"]
[Site "Senigallia ITA"]
[Date "1996.05.23"]
[Round "6"]
[White "Ortega, Lexy"]
[Black "Drei, Andrea"]
[Result "1-0"]
[WhiteElo "2490"]
[BlackElo "2325"]
[PlyCount "45"]
[EventDate "1996.05.19"]

1.d4 Nf6 2.Nf3 e6 3.Bf4 b6 4.e3 Bb7 5.Nbd2 Be7 6.c3 O-O 7.Bd3 d5 8.Ne5 c5 
9.Qf3 Nbd7 10.Rd1 Nxe5 11.dxe5 Ne8 12.Qh3 g6 13.Nf3 Ng7 14.Qh6 f6 15.h4 
Rf7 16.h5 Nf5 17.Bxf5 gxf5 18.exf6 Bxf6 19.Rh3 Rg7 20.Be5 Bxe5 21.Qxe6+ 
Kh8 22.Nxe5 Qg8 23.Qf6 1-0

[Event "I Open"]
[Site "Senigallia ITA"]
[Date "1996.05.23"]
[Round "6"]
[White "Palmizi, Alessandro"]
[Black "Bonanate, Armando"]
[Result "1/2-1/2"]
[WhiteElo "1600"]
[BlackElo "1650"]
[PlyCount "146"]
[EventDate "1996.05.19"]

1.e4 d5 2.exd5 Nf6 3.c4 e6 4.d4 exd5 5.c5 Nc6 6.h3 b6 7.Bb5 Bb7 8.Nf3 a6 
9.Bxc6+ Bxc6 10.Ne5 Qe7 11.O-O Bd7 12.Re1 Be6 13.b4 g6 14.cxb6 cxb6 15.a3 
Bg7 16.Bg5 O-O 17.Qe2 Rfe8 18.Nd2 h6 19.Bh4 g5 20.Bg3 Nd7 21.Ndf3 Nf8 22.
Rac1 Qb7 23.Qd2 Rac8 24.Kh1 Bf5 25.a4 Be4 26.b5 f6 27.Rxc8 Rxc8 28.Nc6 
axb5 29.axb5 Qd7 30.Kh2 Ra8 31.Qb4 g4 32.Nd2 Re8 33.Nxe4 dxe4 34.Qd6 h5 
35.Qxd7 Nxd7 36.Ra1 f5 37.Ra7 Nf8 38.Ne7+ Rxe7 39.Rxe7 Bxd4 40.hxg4 hxg4 
41.Be5 Bc5 42.Rg7+ Kh8 43.Rc7+ Kg8 44.Rg7+ Kh8 45.Rxg4+ Kh7 46.Rg7+ Kh6 
47.Rf7 Kg6 48.Rg7+ Kh5 49.Rf7 Kg5 50.Kg1 Ne6 51.Rd7 f4 52.Rd5 Kg4 53.Kf1 
f3 54.gxf3+ Kxf3 55.Rxc5 bxc5 56.b6 Nd8 57.Bf6 Nb7 58.Bg5 c4 59.Be3 Kg4 
60.Ke1 Kf5 61.Bd4 Ke6 62.Kd2 Kd5 63.Kc3 Na5 64.Be3 Nb7 65.Kb4 Nd6 66.Bf4 
Nb7 67.Kb5 c3 68.Be3 c2 69.Kb4 Kc6 70.Kc3 c1=Q+ 71.Bxc1 Kxb6 72.Be3+ Kc6 
73.Kd4 Nc5 1/2-1/2

[Event "I Open"]
[Site "Senigallia ITA"]
[Date "1996.05.23"]
[Round "6"]
[White "Pizzi, Mario"]
[Black "Bussoli, Sauro"]
[Result "1/2-1/2"]
[WhiteElo "1800"]
[BlackElo "1672"]
[PlyCount "43"]
[EventDate "1996.05.19"]

1.d4 d5 2.e3 e6 3.Bd3 Nf6 4.f4 c5 5.c3 cxd4 6.exd4 g6 7.Nf3 Nc6 8.O-O Bg7 
9.Nbd2 O-O 10.Ne5 Bd7 11.Qe1 a5 12.Ndf3 Na7 13.Qh4 Bb5 14.Bxb5 Nxb5 15.g4 
Nd6 16.g5 Nf5 17.Qh3 Ne4 18.Ng4 Qc8 19.Nfe5 a4 20.a3 b5 21.Nd3 Re8 22.Nb4 
1/2-1/2

[Event "I Open"]
[Site "Senigallia ITA"]
[Date "1996.05.23"]
[Round "6"]
[White "Sebastianelli, Dario"]
[Black "Diena, Giovanni"]
[Result "1-0"]
[WhiteElo "1768"]
[BlackElo "1771"]
[PlyCount "73"]
[EventDate "1996.05.19"]

1.e4 e5 2.f4 d5 3.exd5 e4 4.d3 Nf6 5.Qe2 Bg4 6.Nf3 Qxd5 7.Nbd2 Bxf3 8.gxf3
e3 9.Ne4 Bb4+ 10.c3 Be7 11.Bxe3 Nc6 12.b3 O-O-O 13.O-O-O Ba3+ 14.Kb1 Rhe8 
15.Qc2 Qh5 16.Be2 Nd5 17.Bd2 f5 18.Ng3 Qf7 19.d4 g6 20.Bc4 Na5 21.Bxd5 
Qxd5 22.c4 Qxd4 23.Bxa5 Qxf4 24.Rxd8+ Rxd8 25.Rf1 Qd6 26.Bc3 Bc5 27.Qe2 h5
28.Kc2 h4 29.Nh1 Qa6 30.a4 Qc6 31.f4 Re8 32.Be5 Qe6 33.Rd1 Bd6 34.Qd3 Bxe5
35.fxe5 b6 36.Qd5 Qxe5 37.Qa8# 1-0

[Event "I Open"]
[Site "Senigallia ITA"]
[Date "1996.05.23"]
[Round "6"]
[White "Stantic, Severino"]
[Black "Fico, Massimiliano"]
[Result "1/2-1/2"]
[WhiteElo "2030"]
[BlackElo "2315"]
[PlyCount "124"]
[EventDate "1996.05.19"]

1.Nf3 Nc6 2.d4 d5 3.e3 Bg4 4.Be2 e6 5.O-O Nf6 6.c4 dxc4 7.Qa4 Bd6 8.Nbd2 
O-O 9.Qxc4 e5 10.dxe5 Bxe5 11.Rd1 Qe7 12.h3 Be6 13.Qh4 Bd6 14.b3 Nd5 15.
Bb2 Qxh4 16.Nxh4 Ndb4 17.Nc4 Be7 18.Nf3 Rfd8 19.Nfd2 f6 20.a3 Nd3 21.Bc3 
Nc5 22.a4 a6 23.b4 Nd3 24.b5 Ncb4 25.Bf3 axb5 26.axb5 Na2 27.Bd4 c5 28.
bxc6 bxc6 29.Bxc6 Rac8 30.Be4 Ndb4 31.Nb6 Rb8 32.Ndc4 Kf7 33.Bb1 Nc3 34.
Rd2 Nxb1 35.Rxb1 Nc6 36.Rbd1 Bb4 37.Rc2 Bf5 38.Rcc1 Be7 39.Bc3 Rxd1+ 40.
Rxd1 Rd8 41.Rxd8 Nxd8 42.Nd2 Bc5 43.Nbc4 Be6 44.Kf1 Nc6 45.Ke2 g5 46.f3 h5
47.Na5 Nxa5 48.Bxa5 Bc8 49.Ne4 Ba6+ 50.Kf2 Be7 51.Bb6 Bd3 52.Nc5 Bxc5 53.
Bxc5 f5 54.Kg3 h4+ 55.Kf2 Bc2 56.Bb6 Bb1 57.Bc7 Bc2 58.Ke2 Ba4 59.f4 Kg6 
60.Bd8 Bc6 61.Kf2 gxf4 62.exf4 Kh5 1/2-1/2

[Event "I Open"]
[Site "Senigallia ITA"]
[Date "1996.05.23"]
[Round "6"]
[White "Tortarolo, Massimiliano"]
[Black "Skembris, Spyridon"]
[Result "0-1"]
[WhiteElo "2235"]
[BlackElo "2505"]
[PlyCount "100"]
[EventDate "1996.05.19"]

1.e4 e5 2.Nf3 Nc6 3.Bb5 a6 4.Ba4 Nf6 5.O-O Be7 6.Re1 b5 7.Bb3 d6 8.c3 O-O 
9.h3 Na5 10.Bc2 c5 11.d4 Nd7 12.Nbd2 exd4 13.cxd4 Nc6 14.Nf1 Bf6 15.dxc5 
dxc5 16.Ne3 Nde5 17.Nxe5 Bxe5 18.Ng4 Bxg4 19.Qxd8 Raxd8 20.hxg4 Nb4 21.Bb1
Nd3 22.Bxd3 Rxd3 23.Rb1 c4 24.Be3 Rfd8 25.Kf1 h6 26.g5 hxg5 27.Bxg5 R8d4 
28.Be7 a5 29.Bc5 Rd7 30.Be3 a4 31.f4 Bd4 32.Bxd4 R7xd4 33.Re2 f5 34.Rbe1 
b4 35.exf5 Rxf4+ 36.Kg1 Rxf5 37.Re8+ Rf8 38.Rxf8+ Kxf8 39.Re4 Rd2 40.Rxc4 
Rxb2 41.a3 bxa3 42.Rxa4 a2 43.Kh2 Ke7 44.Ra6 Kd7 45.Kh3 Kc7 46.g4 Kb7 47.
Ra4 Kc6 48.Kh4 Kb5 49.Ra7 Kc4 50.Kh5 Rb5+ 0-1

[Event "I Open"]
[Site "Senigallia ITA"]
[Date "1996.05.23"]
[Round "6"]
[White "Trovato, Alessio"]
[Black "Miele, Rosario"]
[Result "1/2-1/2"]
[WhiteElo "1633"]
[BlackElo "1585"]
[PlyCount "108"]
[EventDate "1996.05.19"]

1.e4 e5 2.Nf3 Nc6 3.d4 exd4 4.Nxd4 Bc5 5.Be3 Qf6 6.c3 Nge7 7.Bc4 d6 8.O-O 
Ne5 9.Nd2 O-O 10.b4 Bb6 11.a4 a6 12.a5 Ba7 13.f4 Ng4 14.Qe2 Nxe3 15.Qxe3 
Nc6 16.N2f3 Bg4 17.Rad1 Bxf3 18.Rxf3 Rae8 19.Kh1 Re7 20.Qd3 Nxd4 21.cxd4 
Rfe8 22.e5 dxe5 23.dxe5 Qg6 24.f5 Qc6 25.e6 f6 26.b5 Qc5 27.bxa6 bxa6 28.
Bxa6 Qxa5 29.Qa3 Qxa3 30.Rxa3 Bc5 31.Rb3 Bd6 32.Rdb1 g6 33.fxg6 hxg6 34.
Bc4 Kg7 35.g3 Rh8 36.Rb8 Rxb8 37.Rxb8 Be5 38.Rd8 Bd6 39.Kg2 Be5 40.Rd7 Bd6
41.g4 Kf8 42.Rd8+ Kg7 43.h4 Kh6 44.Kf3 Kg7 45.Bd5 Kh6 46.Rd7 Kg7 47.Rxe7+ 
Bxe7 48.h5 Kh6 49.hxg6 Kxg6 50.Be4+ Kg7 51.Ke3 Kf8 52.Kd4 Bd6 53.Kd5 Ke7 
54.Bf5 Bf4 1/2-1/2

[Event "I Open"]
[Site "Senigallia ITA"]
[Date "1996.05.24"]
[Round "7"]
[White "Bonanate, Armando"]
[Black "Fucito, Giovanni"]
[Result "1-0"]
[WhiteElo "1650"]
[BlackElo "1512"]
[PlyCount "109"]
[EventDate "1996.05.19"]

1.g4 d5 2.h3 e6 3.d4 Nc6 4.Bg2 Nf6 5.a3 Bd6 6.Nf3 h6 7.Nbd2 Ne7 8.b4 Ng6 
9.c4 Nf4 10.Bf1 c6 11.e3 Ng6 12.c5 Bc7 13.Bb2 Bd7 14.Bd3 O-O 15.Qc2 Qe8 
16.g5 hxg5 17.Nxg5 e5 18.Bxg6 fxg6 19.O-O-O e4 20.Rdg1 Nh5 21.Nf1 Rf5 22.
h4 Qe7 23.Bc3 Raf8 24.Be1 Qf6 25.a4 Qe7 26.a5 a6 27.Ng3 Nxg3 28.fxg3 Rxg5 
29.hxg5 Qxg5 30.Bf2 Bg4 31.Qd2 Qf5 32.Be1 Bf3 33.Rh2 Bd8 34.Rf2 Qg4 35.
Rgf1 Bg5 36.Rh2 Rf7 37.Kb2 Rf8 38.Kc3 Rf7 39.Bf2 Rf8 40.Qc1 Rf7 41.Qa1 Rf8
42.Qa2 Ra8 43.Rb1 Be2 44.Rbh1 Bh6 45.Rh4 Qf3 46.R1h2 Kf7 47.Qd2 g5 48.Bg1 
Kg6 49.Rxh6+ gxh6 50.Qxe2 Qxg3 51.Qh5+ Kf6 52.Rf2+ Ke7 53.Qf7+ Kd8 54.Qf8+
Kd7 55.Rf7+ 1-0

[Event "I Open"]
[Site "Senigallia ITA"]
[Date "1996.05.24"]
[Round "7"]
[White "Borgo, Giulio"]
[Black "Nurkic, Sahbaz"]
[Result "1-0"]
[WhiteElo "2400"]
[BlackElo "2365"]
[PlyCount "119"]
[EventDate "1996.05.19"]

1.e4 g6 2.d4 Bg7 3.Nf3 c6 4.h3 d6 5.Nc3 Nd7 6.Be3 Qa5 7.Be2 Ngf6 8.O-O O-O
9.a4 e5 10.dxe5 dxe5 11.Nd2 Qc7 12.Nc4 Rd8 13.Qd6 Qxd6 14.Nxd6 Nf8 15.Nxc8
Rdxc8 16.Bc4 Re8 17.a5 Ne6 18.Bxe6 Rxe6 19.Ra3 Bf8 20.Rb3 Re7 21.Bg5 Bg7 
22.Rd1 Rc7 23.f3 Nd7 24.Na4 Bf8 25.Be3 Be7 26.Nb6 axb6 27.axb6 Nxb6 28.
Bxb6 Rcc8 29.Rd7 Bh4 30.Kf1 Ra1+ 31.Ke2 Re1+ 32.Kd2 Rh1 33.Bc7 Be1+ 34.Ke2
Bg3 35.Rxb7 Ra8 36.Bb6 Ra6 37.Bc5 Ra5 38.Bb4 Rb5 39.Rd8+ Kg7 40.Bf8+ Kf6 
41.Rd6+ Kg5 42.Rxf7 Rb8 43.Be7+ Kh6 44.Rxc6 Rg1 45.h4 Rxg2+ 46.Kd3 Bf4 47.
Rc7 Kh5 48.Rxh7+ Bh6 49.Rxh6+ Kxh6 50.Bg5+ Rxg5 51.hxg5+ Kxg5 52.b3 Rd8+ 
53.Ke3 Rd1 54.Rc5 Re1+ 55.Kf2 Rh1 56.Kg2 Rd1 57.Rxe5+ Kf4 58.Rd5 Rc1 59.
Rd2 Ke3 60.Rf2 1-0